000 01744nam a2200385 c 4500
003 BLK
005 20240623004051.0
008 180412b bul|||||r ||||||| ||bul||
010 _aKNG00007996000
020 _a954-07-0745-5
_bиздат.: Унив. изд. Св. Климент Охридски
040 _aBLK
041 _aBUL
_cBUL
080 _aБългарска литература
_b821.163.2
_x(092)
_z821.163.2(092)
080 _aБългарски поет, писател и драматург
_b929 Христов, Кирил Генчев
_x
_z929 Христов, Кирил Генчев
100 1 _aБенбасат, Алберт Нисим
_eпърви автор
_9363820
139 _aБенбасат, Алберт Нисим
_bБ 37
245 1 0 _aЕротиката у Кирил Христов
_cАлберт Нисим Бенбасат.
257 _aBGR
260 София
_bУнив. изд. Св. Климент Охридски
_c1995
300 _a102 с., 8 л.
_bил., факс.
_c20 см
380 _a82
500 _a865 тир.
600 1 4 _aХристов, Кирил
_d1875-1944
_gПоет, писател, драматург, публицист, преводач
_qГенчев, Кирил Христов
_9396616
650 4 _aБългарска литература - теми, образи, сюжети
_9242409
650 4 _aПоети, български
_9241945
650 0 _aПисатели, български
_9241944
653 _aКирил Христов
653 _aбългарски поети
852 _aЦб 183379
856 4 _qpdf
_u
856 4 _qpdf
_u
942 _cKNG
_n0
944 _aCR
_c15.01.2003
_k
_lCRON CRON
944 _aED
_c21.06.2012
_k
999 _c6739
_d6739